<?xml version="1.0" encoding="UTF-8"?>
<record
    xmlns:xsi="http://www.w3.org/2001/XMLSchema-instance"
    xsi:schemaLocation="http://www.loc.gov/MARC21/slim http://www.loc.gov/standards/marcxml/schema/MARC21slim.xsd"
    xmlns="http://www.loc.gov/MARC21/slim">

  <leader>00659nam a22001577a 4500</leader>
  <controlfield tag="003">OSt</controlfield>
  <controlfield tag="005">20151203103005.0</controlfield>
  <controlfield tag="008">151203b        xxu||||| |||| 00| 0 eng d</controlfield>
  <datafield tag="040" ind1=" " ind2=" ">
    <subfield code="c">RUA </subfield>
  </datafield>
  <datafield tag="082" ind1=" " ind2=" ">
    <subfield code="a">FIS MIE 2007 B178 Or.1</subfield>
  </datafield>
  <datafield tag="100" ind1=" " ind2=" ">
    <subfield code="9">4198</subfield>
    <subfield code="a">MIECH SOKRA; &#x1798;&#x17C0;&#x1785; &#x179F;&#x17BB;&#x1781;&#x179A;&#x17C9;&#x17B6;</subfield>
  </datafield>
  <datafield tag="245" ind1=" " ind2=" ">
    <subfield code="a">Intensive shrimp culture in angkor farm, sihanouk ville, &#x1780;&#x17B6;&#x179A;&#x1785;&#x17B7;&#x1789;&#x17D2;&#x1785;&#x17B9;&#x1798;&#x1794;&#x1784;&#x17D2;&#x1782;&#x17B6;&#x1781;&#x17D2;&#x179B;&#x17B9;&#x1784;&#x179B;&#x1780;&#x17D2;&#x1781;&#x178E;&#x17C8;&#x1794;&#x17D2;&#x179A;&#x1796;&#x179B;&#x179C;&#x1794;&#x17D2;&#x1794;&#x1780;&#x1798;&#x17D2;&#x1798;&#x1793;&#x17C5;&#x1780;&#x179F;&#x17B7;&#x178A;&#x17D2;&#x1781;&#x17B6;&#x1793;&#x17A2;&#x1784;&#x17D2;&#x1782;&#x179A; &#x1780;&#x17D2;&#x179A;&#x17BB;&#x1784;&#x1796;&#x17D2;&#x179A;&#x17C7;&#x179F;&#x17B8;&#x17A0;&#x1793;&#x17BB;,</subfield>
  </datafield>
  <datafield tag="260" ind1=" " ind2=" ">
    <subfield code="a">Phnom Penh </subfield>
    <subfield code="b">RUA </subfield>
    <subfield code="c">2007</subfield>
  </datafield>
  <datafield tag="300" ind1=" " ind2=" ">
    <subfield code="a">vii; 41p.</subfield>
    <subfield code="b">ill.</subfield>
    <subfield code="c">29cm.</subfield>
  </datafield>
  <datafield tag="942" ind1=" " ind2=" ">
    <subfield code="2">ddc</subfield>
    <subfield code="c">FOR</subfield>
  </datafield>
  <datafield tag="999" ind1=" " ind2=" ">
    <subfield code="c">3913</subfield>
    <subfield code="d">3913</subfield>
  </datafield>
  <datafield tag="952" ind1=" " ind2=" ">
    <subfield code="0">0</subfield>
    <subfield code="1">0</subfield>
    <subfield code="2">ddc</subfield>
    <subfield code="4">0</subfield>
    <subfield code="6">FIS_MIE_2007_000000000000000_B178_OR_1</subfield>
    <subfield code="7">0</subfield>
    <subfield code="9">19703</subfield>
    <subfield code="a">LBB</subfield>
    <subfield code="b">LBB</subfield>
    <subfield code="c">B178</subfield>
    <subfield code="d">2015-12-03</subfield>
    <subfield code="l">2</subfield>
    <subfield code="o">FIS MIE 2007 B178 Or.1</subfield>
    <subfield code="p">RUA010092</subfield>
    <subfield code="r">2018-07-03</subfield>
    <subfield code="s">2018-06-26</subfield>
    <subfield code="w">2015-12-03</subfield>
    <subfield code="y">FOR</subfield>
  </datafield>
  <datafield tag="952" ind1=" " ind2=" ">
    <subfield code="0">0</subfield>
    <subfield code="1">0</subfield>
    <subfield code="2">ddc</subfield>
    <subfield code="4">0</subfield>
    <subfield code="6">FIS_MIE_2007_000000000000000_B178_OR_2</subfield>
    <subfield code="7">0</subfield>
    <subfield code="9">19704</subfield>
    <subfield code="a">LBB</subfield>
    <subfield code="b">LBB</subfield>
    <subfield code="c">B178</subfield>
    <subfield code="d">2015-12-03</subfield>
    <subfield code="o">FIS MIE 2007 B178 Or.2</subfield>
    <subfield code="p">RUA010306</subfield>
    <subfield code="r">2015-12-03</subfield>
    <subfield code="w">2015-12-03</subfield>
    <subfield code="y">FOR</subfield>
  </datafield>
  <datafield tag="952" ind1=" " ind2=" ">
    <subfield code="0">0</subfield>
    <subfield code="1">0</subfield>
    <subfield code="2">ddc</subfield>
    <subfield code="4">0</subfield>
    <subfield code="6">FIS_MIE_2007_000000000000000_B178_OR_3</subfield>
    <subfield code="7">0</subfield>
    <subfield code="9">19705</subfield>
    <subfield code="a">LBB</subfield>
    <subfield code="b">LBB</subfield>
    <subfield code="c">B178</subfield>
    <subfield code="d">2015-12-03</subfield>
    <subfield code="o">FIS MIE 2007 B178 Or.3</subfield>
    <subfield code="p">RUA010430</subfield>
    <subfield code="r">2015-12-03</subfield>
    <subfield code="w">2015-12-03</subfield>
    <subfield code="y">FOR</subfield>
  </datafield>
  <datafield tag="952" ind1=" " ind2=" ">
    <subfield code="0">0</subfield>
    <subfield code="1">0</subfield>
    <subfield code="2">ddc</subfield>
    <subfield code="4">0</subfield>
    <subfield code="6">FIS_MIE_2007_000000000000000_B178_OR_4</subfield>
    <subfield code="7">0</subfield>
    <subfield code="9">19706</subfield>
    <subfield code="a">LBB</subfield>
    <subfield code="b">LBB</subfield>
    <subfield code="c">B178</subfield>
    <subfield code="d">2015-12-03</subfield>
    <subfield code="o">FIS MIE 2007 B178 Or.4</subfield>
    <subfield code="p">RUA010296</subfield>
    <subfield code="r">2015-12-03</subfield>
    <subfield code="w">2015-12-03</subfield>
    <subfield code="y">FOR</subfield>
  </datafield>
  <datafield tag="952" ind1=" " ind2=" ">
    <subfield code="0">0</subfield>
    <subfield code="1">0</subfield>
    <subfield code="2">ddc</subfield>
    <subfield code="4">0</subfield>
    <subfield code="6">FIS_MIE_2007_000000000000000_B178_OR_5</subfield>
    <subfield code="7">0</subfield>
    <subfield code="9">19707</subfield>
    <subfield code="a">LBB</subfield>
    <subfield code="b">LBB</subfield>
    <subfield code="c">B178</subfield>
    <subfield code="d">2015-12-03</subfield>
    <subfield code="o">FIS MIE 2007 B178 Or.5</subfield>
    <subfield code="p">RUA010222</subfield>
    <subfield code="r">2015-12-03</subfield>
    <subfield code="w">2015-12-03</subfield>
    <subfield code="y">FOR</subfield>
  </datafield>
  <datafield tag="952" ind1=" " ind2=" ">
    <subfield code="0">0</subfield>
    <subfield code="1">0</subfield>
    <subfield code="2">ddc</subfield>
    <subfield code="4">0</subfield>
    <subfield code="6">FIS_MIE_2007_000000000000000_B178_OR_6</subfield>
    <subfield code="7">0</subfield>
    <subfield code="9">19708</subfield>
    <subfield code="a">LBB</subfield>
    <subfield code="b">LBB</subfield>
    <subfield code="c">B178</subfield>
    <subfield code="d">2015-12-03</subfield>
    <subfield code="o">FIS MIE 2007 B178 Or.6</subfield>
    <subfield code="p">RUA010020</subfield>
    <subfield code="r">2015-12-03</subfield>
    <subfield code="w">2015-12-03</subfield>
    <subfield code="y">FOR</subfield>
  </datafield>
</record>
